| 000 | 00573nam a2200205 i 4500 | ||
|---|---|---|---|
| 001 | 100536 | ||
| 003 | ES-MaACL | ||
| 007 | t| | ||
| 008 | 050929s1954 sp ||||1| spa d | ||
| 100 | 1 |
_aMassip, José María. _978828 |
|
| 245 | 1 | 4 |
_aLas raices / _cJosé M. y Ramona Massip. |
| 250 | _a[1ª ed.]. | ||
| 260 |
_aBarcelona : _bDestino, _c1954. |
||
| 300 |
_a287 p. ; _c19 cm. |
||
| 490 | 1 |
_aAncora y delfín ; _v105 |
|
| 700 | 1 |
_aMassip, Ramona. _978830 |
|
| 830 | 0 | 0 |
_aÁncora y Delfín _v105 _9151298 |
| 852 |
_aES-MaACL _jC-9300 _bR.37185 |
||
| 999 |
_c100536 _d100536 |
||